Obce v Ústeckém kraji - Statistics

General Stats
  • This quiz has been taken 29 times
  • The average score is 61 of 354
Answer Stats
Obec Počet obyvatel % Correct
Chomutov 48 349
100%
Děčín 47 951
100%
Jirkov 19 200
100%
Litoměřice 23 623
100%
Litvínov 23 489
100%
Most 65 341
100%
Teplice 49 705
100%
Ústí nad Labem 91 982
100%
Dubí 7 809
94%
Kadaň 18 133
94%
Klášterec nad Ohří 14 365
94%
Louny 18 156
94%
Bílina 17 103
89%
Lovosice 8 715
89%
Varnsdorf 15 117
89%
Žatec 18 823
89%
Roudnice nad Labem 12 770
83%
Duchcov 8 582
78%
Šluknov 5 727
78%
Hrob 2 017
72%
Terezín 2 852
72%
Benešov nad Ploučnicí 3 659
67%
Chabařovice 2 517
67%
Libochovice 3 507
67%
Mikulášovice 2 111
67%
Rumburk 10 903
67%
Štětí 8 584
67%
Velké Březno 2 322
67%
Česká Kamenice 5 196
61%
Jílové 5 110
61%
Krásná Lípa 3 428
61%
Krupka 12 547
61%
Osek 4 670
61%
Podbořany 6 392
61%
Postoloprty 4 705
61%
Budyně nad Ohří 2 139
56%
Horní Jiřetín 2 242
50%
Hřensko 277
50%
Jiříkov 3 591
50%
Kámen 249
50%
Lom 3 695
50%
Trmice 3 353
50%
Úštěk 2 944
50%
Bohušovice nad Ohří 2 486
44%
Chlumec 4 320
44%
Hora Svatého Šebestiána 339
44%
Kostomlaty pod Milešovkou 953
44%
Kryry 2 354
44%
Malé Březno 214 | 517
44%
Petrovice 932
44%
Třebenice 1 965
44%
Vejprty 2 872
44%
Košťany 3 209
39%
Meziboří 4 884
39%
Obrnice 2 181
39%
Proboštov 2 682
39%
Blšany 998
33%
Doksany 443
33%
Dolní Poustevna 1 727
33%
Hora Svaté Kateřiny 438
33%
Ledvice 552
33%
Libouchec 1 851
33%
Louka u Litvínova 689
33%
Nová Ves 121
33%
Perštejn 1 155
33%
Peruc 2 326
33%
Petrohrad 637
33%
Povrly 2 242
33%
Velký Šenov 1 977
33%
Březno 1 424
28%
Chřibská 1 356
28%
Jetřichovice 404
28%
Jiřetín pod Jedlovou 681
28%
Kladruby 417
28%
Ploskovice 447
28%
Telnice 711
28%
Tisá 960
28%
Dolní Zálezly 582
22%
Háj u Duchcova 1 318
22%
Hoštka 1 744
22%
Janov 352
22%
Jeníkov 884
22%
Málkov 940
22%
Měděnec 142
22%
Moldava 187
22%
Panenský Týnec 443
22%
Raná 256
22%
Velemín 1 623
22%
Velké Žernoseky 491
22%
Verneřice 1 174
22%
Žim 204
22%
Černouček 287
17%
Hostomice 1 254
17%
Klapý 480
17%
Klíny 159
17%
Kovářská 996
17%
Křimov 421
17%
Loučná pod Klínovcem 118
17%
Lovečkovice 582
17%
Lubenec 1 346
17%
Lukov 132
17%
Malé Žernoseky 733
17%
Mašťov 564
17%
Místo 433
17%
Novosedlice 2 161
17%
Prackovice nad Labem 626
17%
Řehlovice 1 449
17%
Rybniště 655
17%
Světec 1 026
17%
Třebívlice 839
17%
Výsluní 397
17%
Zubrnice 231
17%
Bořislav 410
11%
Braňany 1 260
11%
Brandov 272
11%
Bynovec 335
11%
Bystřany 1 871
11%
Černčice 1 352
11%
Český Jiřetín 103
11%
Chlumčany 567
11%
Cítoliby 1 090
11%
Čížkovice 1 465
11%
Evaň 289
11%
Františkov nad Ploučnicí 382
11%
Homole u Panny 366
11%
Hrobce 692
11%
Hrobčice 1 400
11%
Janská 214
11%
Křešice 1 434
11%
Kytlice 488
11%
Lenešice 1 409
11%
Libčeves 943
11%
Liběšice 1 515 | 768
11%
Libochovany 566
11%
Lužice 672
11%
Mariánské Radčice 484
11%
Měcholupy 990
11%
Měrunice 318
11%
Mikulov 229
11%
Mšené-lázně 1 845
11%
Nepomyšl 406
11%
Ohníč 723
11%
Okounov 392
11%
Polepy 1 359
11%
Rtyně nad Bílinou 805
11%
Růžová 562
11%
Siřejovice 265
11%
Slatina 269
11%
Spořice 1 519
11%
Srbská Kamenice 258
11%
Vroutek 1 828
11%
Výškov 518
11%
Zabrušany 1 136
11%
Žalany 521
11%
Želenice 483
11%
Žitenice 1 598
11%
Arnoltice 412
6%
Bechlín 1 283
6%
Bečov 1 390
6%
Bělušice 227
6%
Blatno 507 | 559
6%
Blšany u Loun 376
6%
Bžany 896
6%
Čeradice 314
6%
Chodovlice 152
6%
Chotěšov 497
6%
Chotiměř 288
6%
Chožov 547
6%
Chuderov 1 109
6%
Ctiněves 369
6%
Děčany 394
6%
Dlažkovice 122
6%
Dobroměřice 1 400
6%
Dolní Habartice 586
6%
Domoušice 656
6%
Drahobuz 280
6%
Droužkovice 850
6%
Dušníky 446
6%
Havraň 720
6%
Holedeč 606
6%
Horní Beřkovice 952
6%
Horní Habartice 418
6%
Horní Podluží 807
6%
Huntířov 807
6%
Koštice 585
6%
Kozly 122
6%
Krabčice 889
6%
Krásný Dvůr 658
6%
Lahošť 687
6%
Levín 130
6%
Lhotka nad Labem 430
6%
Libotenice 440
6%
Lkáň 204
6%
Lobendava 276
6%
Ludvíkovice 947
6%
Malá Veleň 447
6%
Malšovice 959
6%
Markvartice 702
6%
Mlékojedy 231
6%
Mnetěš 569
6%
Nová Ves v Horách 479
6%
Otvice 681
6%
Pesvice 187
6%
Píšťany 197
6%
Podsedice 664
6%
Přestavlky 297
6%
Račice 339
6%
Račiněves 640
6%
Radonice 1 177
6%
Radovesice 504
6%
Ročov 552
6%
Rokle 400
6%
Sedlec 221
6%
Skršín 279
6%
Slavětín 601
6%
Srbice 458
6%
Staňkovice 1 051 | 33
6%
Stebno 469
6%
Straškov-Vodochody 1 075
6%
Strupčice 1 053
6%
Sulejovice 780
6%
Travčice 599
6%
Třebušín 571
6%
Tuchořice 685
6%
Údlice 1 237
6%
Újezdeček 883
6%
Úpohlavy 255
6%
Valkeřice 384
6%
Velemyšleves 349
6%
Velká Bukovina 510
6%
Velké Chvojno 885
6%
Veselé 356
6%
Vinařice 254
6%
Vrbno nad Lesy 193
6%
Vrskmaň 323
6%
Vysoká Pec 1 086
6%
Žalhostice 526
6%
Záluží 185
6%
Želkovice 95
6%
Židovice 383
6%
Bílence 240
0%
Bitozeves 449
0%
Blažim 284
0%
Boleboř 292
0%
Bříza 448
0%
Brňany 463
0%
Brodec 82
0%
Brozany nad Ohří 1 350
0%
Břvany 317
0%
Brzánky 87
0%
Býčkovice 307
0%
Černěves 212
0%
Černiv 146
0%
Černovice 647
0%
Chbany 629
0%
Chodouny 662
0%
Chotiněves 218
0%
Chraberce 118
0%
Chudoslavice 177
0%
Deštnice 201
0%
Dobkovice 657
0%
Dobříň 539
0%
Dobrná 431
0%
Dolánky nad Ohří 276
0%
Dolní Podluží 1 173
0%
Domašín 191
0%
Doubice 112
0%
Habrovany 217
0%
Heřmanov 475
0%
Hlinná 270
0%
Horní Řepčice 101
0%
Hříškov 411
0%
Hřivice 637
0%
Hrušovany 541
0%
Jenčice 324
0%
Jimlín 898
0%
Kalek 234
0%
Kamýk 180
0%
Keblice 367
0%
Kleneč 528
0%
Korozluky 222
0%
Kostomlaty pod Řípem 435
0%
Křesín 339
0%
Kryštofovy Hamry 169
0%
Kunratice 247
0%
Kyškovice 275
0%
Labská Stráň 232
0%
Libědice 239
0%
Libkovice pod Řípem 559
0%
Libočany 553
0%
Libořice 348
0%
Lipno 550
0%
Lipová 568
0%
Lišany 159
0%
Lišnice 203
0%
Líšťany 461
0%
Lukavec 368
0%
Malečov 845
0%
Malíč 186
0%
Martiněves 827
0%
Merboltice 212
0%
Michalovice 156
0%
Miřejovice 218
0%
Modlany 1 081
0%
Nezabylice 252
0%
Nové Dvory 393
0%
Nové Sedlo 610
0%
Obora 444
0%
Očihov 382
0%
Oleško 92
0%
Opočno 122
0%
Patokryje 446
0%
Pětipsy 194
0%
Pnětluky 349
0%
Počedělice 310
0%
Podbořanský Rohozec 141
0%
Polerady 242
0%
Přestanov 453
0%
Račetice 401
0%
Rochov 134
0%
Ryjice 192
0%
Smolnice 426
0%
Snědovice 754
0%
Staré Křečany 1 231
0%
Starý Šachov 215
0%
Tašov 146
0%
Těchlovice 523
0%
Toužetín 281
0%
Trnovany 429
0%
Úherce 82
0%
Vchynice 314
0%
Vědomice 916
0%
Veliká Ves 317
0%
Veltěže 412
0%
Vilémov 593 | 878
0%
Vlastislav 177
0%
Volevčice 119
0%
Vražkov 408
0%
Vrbičany 293
0%
Vrbice 535
0%
Vršovice 248
0%
Vrutice 314
0%
Všehrdy 158
0%
Všestudy 191
0%
Žabovřesky nad Ohří 278
0%
Zálužice 100
0%
Zbrašín 387
0%
Žerotín 215
0%
Žiželice 408
0%
No matching quizzes found
Score Distribution
Percent of People with Each Score
Percentile by Number Answered
Your Score History
You have not taken this quiz